[Event "Agios Nikolaos op 3rd"]
[Site "Agios Ioannis"]
[Date "2019.09.02"]
[Round "9"]
[White "Pappas, Konstantinos"]
[Black "Vaishali, Ramesh Babu"]
[Result "1/2-1/2"]
[WhiteElo "1930"]
[BlackElo "2411"]
[PlyCount "155"]
[EventDate "2019.08.26"]
[EventType "swiss"]
[EventRounds "9"]
[EventCountry "GRE"]
[SourceTitle "EXT 2020"]
[Source "ChessBase"]
[SourceDate "2019.10.17"]
[SourceVersion "1"]
[SourceVersionDate "2019.10.17"]
[SourceQuality "1"]

1. d4 Nf6 2. c4 c5 3. d5 b5 4. b3 e6 5. dxe6 fxe6 6. e3 bxc4 7. bxc4 Bb7 8. Nf3 Be7 9. Nc3 0-0 10. Be2 Ne4 11. Nxe4 Bxe4 12. Bb2 Nc6 13. 0-0 Rb8 14. Bc3 Qc7 15. Qd2 d5 16. cxd5 exd5 17. Rac1 Rbd8 18. Rfd1 Qd6 19. Ba1 Qh6 20. Ne1 Bd6 21. h3 d4 22. Bc4+ Kh8 23. Qe2 Rde8 24. Bb5 Bb8 25. Rd2 Re7 26. Bd3 Bd5 27. Nc2 Ne5 28. Ne1 c4 29. Bxh7 Qxh7 30. Bxd4 Ree8 31. Bc5 Bxg2 32. Kxg2 Rf6 33. Qf1 Rg6+ 34. Kh1 Ng4 35. Nf3 Qh5 36. Rxc4 Nh6 37. Ng1 Qe5 38. f4 Qe6 39. Rcc2 Nf5 40. Qf3 Ng3+ 41. Kh2 Ne4 42. Rg2 Rxg2+ 43. Rxg2 Nxc5 44. Qh5+ Kg8 45. Qxc5 Qxe3 46. Qxe3 Rxe3 47. Re2 Bxf4+ 48. Kg2 Ra3 49. Nf3 a5 50. Kf2 Kf7 51. Rc2 Kf6 52. Ke2 g5 53. Rb2 a4 54. Rc2 Kg6 55. Kf2 Kh5 56. Kg2 Rd3 57. Kf2 Ra3 58. Ke2 Re3+ 59. Kf2 Re4 60. Kg2 Rb4 61. Kf2 Rb1 62. Ke2 a3 63. Kd3 Rh1 64. Rc3 Rxh3 65. Ke4 Bd6 66. Rd3 Bb4 67. Nxg5 Rxd3 68. Kxd3 Kxg5 69. Kc2 Kf4 70. Kb1 Ke3 71. Kc2 Kd4 72. Kb1 Kc3 73. Ka1 Be7 74. Kb1 Bh4 75. Ka1 Bg5 76. Kb1 Bf6 77. Kc1 Kd3 78. Kb1 1/2-1/2

[Event "Agios Nikolaos op 3rd"]
[Site "Agios Ioannis"]
[Date "2019.08.28"]
[Round "4"]
[White "Pappas, Konstantinos"]
[Black "Moiseenko, Vadim"]
[Result "0-1"]
[WhiteElo "1930"]
[BlackElo "2519"]
[PlyCount "72"]
[EventDate "2019.08.26"]
[EventType "swiss"]
[EventRounds "9"]
[EventCountry "GRE"]
[SourceTitle "EXT 2020"]
[Source "ChessBase"]
[SourceDate "2019.10.17"]
[SourceVersion "1"]
[SourceVersionDate "2019.10.17"]
[SourceQuality "1"]

1. Nf3 Nf6 2. d4 c5 3. c3 d5 4. dxc5 a5 5. g3 e6 6. Bg2 Bxc5 7. 0-0 0-0 8. a4 Nc6 9. Nbd2 e5 10. Nb3 Bb6 11. Bg5 Be6 12. e3 h6 13. Bxf6 Qxf6 14. h3 Rfd8 15. Kh2 Rac8 16. Rc1 g5 17. Nbd2 Bc5 18. Qe2 Bf8 19. Rfd1 Bg7 20. e4 Qg6 21. g4 d4 22. Nf1 Bb3 23. Rd2 Bxa4 24. Ng3 dxc3 25. Rxd8+ Rxd8 26. bxc3 Qe6 27. Nf5 Ne7 28. Nxe7+ Qxe7 29. c4 Bc6 30. c5 Qf6 31. Re1 Bf8 32. Qc2 a4 33. Kg1 Qe6 34. Qc3 f6 35. Bf1 Kh8 36. Nd2 Qd7 0-1

[Event "Agios Nikolaos op 3rd"]
[Site "Agios Ioannis"]
[Date "2019.08.26"]
[Round "1"]
[White "Pappas, Konstantinos"]
[Black "Kontaki, Maria"]
[Result "1-0"]
[WhiteElo "1930"]
[BlackElo "1056"]
[PlyCount "60"]
[EventDate "2019.08.26"]
[EventType "swiss"]
[EventRounds "9"]
[EventCountry "GRE"]
[SourceTitle "EXT 2020"]
[Source "ChessBase"]
[SourceDate "2019.10.17"]
[SourceVersion "1"]
[SourceVersionDate "2019.10.17"]
[SourceQuality "1"]

1. d4 d5 2. Bg5 Nf6 3. Bxf6 gxf6 4. Nf3 Bg7 5. e3 0-0 6. c4 c6 7. Nc3 Bg4 8. cxd5 cxd5 9. Qb3 Qb6 10. Qxb6 axb6 11. Nxd5 e5 12. Bb5 Ra5 13. a4 Nc6 14. b4 Ra7 15. 0-0 Bxf3 16. gxf3 exd4 17. Bxc6 bxc6 18. Nxb6 dxe3 19. fxe3 f5 20. Rac1 f4 21. a5 fxe3 22. Rxc6 Bd4 23. Re1 e2+ 24. Kg2 Re8 25. Rc4 Bxb6 26. axb6 Rd7 27. Kf2 Rd2 28. b7 Rdd8 29. Rxe2 Rd2 30. Rxd2 Kh8 1-0

[Event "WchT Seniors 50"]
[Site "Hersonissos"]
[Date "2017.04.30"]
[Round "7.4"]
[White "Pappas, Konstantinos"]
[Black "Solozhenkin, Evgeniy"]
[Result "0-1"]
[WhiteElo "1969"]
[BlackElo "2443"]
[PlyCount "118"]
[EventDate "2017.04.24"]
[EventType "team-swiss"]
[EventRounds "9"]
[EventCountry "GRE"]
[SourceTitle "CBM 178 Extra"]
[Source "ChessBase"]
[SourceDate "2017.06.22"]
[SourceVersion "1"]
[SourceVersionDate "2017.06.22"]
[SourceQuality "1"]
[WhiteTeam "Greece"]
[BlackTeam "St Petersburg"]
[WhiteTeamCountry "GRE"]
[BlackTeamCountry "RUS"]

1. d4 Nf6 2. Nf3 e6 3. g3 b5 4. a4 b4 5. Bg2 Bb7 6. 0-0 Be7 7. b3 0-0 8. Bb2 c5 9. e3 cxd4 10. Nxd4 d5 11. Nd2 Nbd7 12. f4 Re8 13. g4 e5 14. Nf5 exf4 15. exf4 Bc5+ 16. Kh1 Ba6 17. Bf3 Bxf1 18. Nxf1 Qc7 19. Qd2 Bf8 20. N1g3 Rac8 21. Rc1 Re6 22. Nd4 Ree8 23. Nb5 Qb8 24. g5 Ne4 25. Bxe4 dxe4 26. Qxd7 a6 27. Nd4 Qxf4 28. Rf1 Qc7 29. Rxf7 Qxd7 30. Rxd7 e3 31. Kg2 e2 32. Ngxe2 Rxc2 33. Nxc2 Rxe2+ 34. Kg3 Rxc2 35. Be5 Re2 36. Bf4 Rb2 37. Rd3 Kf7 38. h4 Rc2 39. Bd2 Ke6 40. Kf4 Bd6+ 41. Ke4 g6 42. Rd4 a5 43. Kd3 Rc8 44. Rc4 Rf8 45. Ke4 Rf2 46. Kd3 Rf3+ 47. Be3 Rh3 48. Ke2 Rh2+ 49. Kd1 Rb2 50. Bb6 Rxb3 51. Bxa5 Ra3 52. Bb6 Rxa4 53. Kc2 Ra2+ 54. Kb3 Ra3+ 55. Kc2 Ra6 56. Bd8 Kd5 57. Rg4 Rc6+ 58. Kd3 Rc3+ 59. Kd2 Rc4 0-1

[Event "WchT Seniors 50"]
[Site "Hersonissos"]
[Date "2017.04.28"]
[Round "5.4"]
[White "Pappas, Konstantinos"]
[Black "Burnett, Jim"]
[Result "1-0"]
[WhiteElo "1969"]
[BlackElo "2075"]
[PlyCount "65"]
[EventDate "2017.04.24"]
[EventType "team-swiss"]
[EventRounds "9"]
[EventCountry "GRE"]
[SourceTitle "CBM 178 Extra"]
[Source "ChessBase"]
[SourceDate "2017.06.22"]
[SourceVersion "1"]
[SourceVersionDate "2017.06.22"]
[SourceQuality "1"]
[WhiteTeam "Greece"]
[BlackTeam "England II"]
[WhiteTeamCountry "GRE"]
[BlackTeamCountry "ENG"]

1. Nf3 d5 2. d4 e6 3. Bg5 Nf6 4. e3 Be7 5. Nbd2 h6 6. Bh4 0-0 7. Bd3 b6 8. Ne5 Bb7 9. 0-0 c5 10. c3 Nbd7 11. f4 Ne4 12. Bxe7 Qxe7 13. Ndf3 Rfd8 14. Qa4 Nf8 15. Ba6 Rdc8 16. Rad1 c4 17. Kh1 f6 18. Bxb7 Qxb7 19. Ng4 a5 20. Qc2 b5 21. Nd2 Nd6 22. Rde1 Rab8 23. Rf3 b4 24. Rb1 Rc6 25. Rg3 Kf7 26. e4 h5 27. exd5 exd5 28. Ne3 Rb6 29. cxb4 Rxb4 30. Nd1 Nb5 31. Nf3 Qe7 32. Qf5 Qe4 33. Ng5+ 1-0

[Event "Heraklion Gazi op 12th"]
[Site "Malevizi"]
[Date "2016.07.30"]
[Round "3"]
[White "Pappas, Konstantinos"]
[Black "Predeftakis, Georgios"]
[Result "0-1"]
[WhiteElo "2015"]
[BlackElo "1676"]
[PlyCount "74"]
[EventDate "2016.07.28"]
[EventType "swiss"]
[EventRounds "9"]
[EventCountry "GRE"]
[SourceTitle "CBM 173 Extra"]
[Source "ChessBase"]
[SourceDate "2016.08.29"]
[SourceVersion "1"]
[SourceVersionDate "2016.08.29"]
[SourceQuality "1"]

1. e4 c5 2. Nf3 d6 3. Bb5+ Bd7 4. a4 a6 5. Bxd7+ Qxd7 6. Nc3 Nc6 7. 0-0 g6 8. d4 cxd4 9. Nxd4 Bg7 10. Be3 Nf6 11. h3 0-0 12. f4 Na5 13. Qd3 Rac8 14. b3 Qc7 15. Bd2 Nc6 16. Nxc6 Qxc6 17. Rae1 e6 18. f5 Nd7 19. fxe6 fxe6 20. Rxf8+ Nxf8 21. Re3 Nd7 22. Kh1 Ne5 23. Qe2 Qc5 24. Rg3 Rf8 25. Qe3 Rf1+ 26. Kh2 Qa3 27. Ne2 Qa1 28. Rg5 Rh1+ 29. Kg3 Nf7 30. Ra5 Be5+ 31. Kh4 Qd1 32. Qd3 Bf6+ 33. Kg3 h5 34. e5 Nxe5 35. Qxd6 h4+ 36. Kf2 Rf1+ 37. Ke3 Bg5+ 0-1

[Event "GRE-chT 44th"]
[Site "Achaia"]
[Date "2016.07.09"]
[Round "6.14"]
[White "Hararis, Georgios"]
[Black "Pappas, Konstantinos"]
[Result "1-0"]
[WhiteElo "1789"]
[BlackElo "2015"]
[PlyCount "73"]
[EventDate "2016.07.05"]
[EventType "team-swiss"]
[EventRounds "7"]
[EventCountry "GRE"]
[SourceTitle "CBM 173 Extra"]
[Source "ChessBase"]
[SourceDate "2016.08.29"]
[SourceVersion "1"]
[SourceVersionDate "2016.08.29"]
[SourceQuality "1"]
[WhiteTeam "Filiatron CN"]
[BlackTeam "St Nicholas Lato"]
[WhiteTeamCountry "GRE"]
[BlackTeamCountry "GRE"]

1. e4 c6 2. d4 d5 3. Nc3 dxe4 4. Nxe4 Nf6 5. Nxf6+ exf6 6. Nf3 Bd6 7. Be2 0-0 8. 0-0 Re8 9. Re1 Nd7 10. Be3 Nf8 11. c3 Qc7 12. Qc2 a5 13. a4 Bg4 14. h3 Bh5 15. Nh4 Rxe3 16. fxe3 Bxe2 17. Rxe2 Bh2+ 18. Kh1 g6 19. e4 Bg3 20. Nf3 Re8 21. b4 Ne6 22. Rd2 Nf4 23. d5 cxd5 24. exd5 Re3 25. d6 Qd7 26. Ng1 Be1 27. Rxe1 Rxe1 28. Kh2 Re6 29. Qd1 Kg7 30. b5 g5 31. Nf3 Re3 32. c4 Rc3 33. Qf1 h5 34. Nxg5 Qf5 35. Rd5 Qc2 36. Qxf4 Rxc4 37. Rd4 1-0

[Event "GRE-chT 44th"]
[Site "Achaia"]
[Date "2016.07.06"]
[Round "3.14"]
[White "Gavriilidis, Georgios"]
[Black "Pappas, Konstantinos"]
[Result "1-0"]
[WhiteElo "2125"]
[BlackElo "2015"]
[PlyCount "117"]
[EventDate "2016.07.05"]
[EventType "team-swiss"]
[EventRounds "7"]
[EventCountry "GRE"]
[SourceTitle "CBM 173 Extra"]
[Source "ChessBase"]
[SourceDate "2016.08.29"]
[SourceVersion "1"]
[SourceVersionDate "2016.08.29"]
[SourceQuality "1"]
[WhiteTeam "Chania Kaissa"]
[BlackTeam "St Nicholas Lato"]
[WhiteTeamCountry "GRE"]
[BlackTeamCountry "GRE"]

1. d4 Nf6 2. c4 e6 3. g3 Bb4+ 4. Bd2 a5 5. Bg2 d5 6. Nf3 0-0 7. 0-0 Nc6 8. Qc2 Ne4 9. Bf4 f5 10. c5 a4 11. a3 Ba5 12. Qxa4 Bd7 13. Qc2 g5 14. Be5 g4 15. Nh4 Nxe5 16. dxe5 Qg5 17. Ra2 c6 18. f4 Qe7 19. b4 Bd8 20. Bxe4 fxe4 21. e3 Qg7 22. Ng2 Rf5 23. Qe2 Be7 24. Nd2 Raf8 25. Nb3 Rh5 26. h4 Rhf5 27. Nd4 R5f7 28. a4 h5 29. Rc1 Rc8 30. Ne1 Rff8 31. Nec2 Rc7 32. Nb3 Ra8 33. Ncd4 Qf7 34. b5 Rcc8 35. bxc6 bxc6 36. a5 Rcb8 37. Ra4 Qe8 38. Qd2 Qc8 39. Rb4 Rxb4 40. Qxb4 Rb8 41. Qc3 Qa6 42. f5 Qc8 43. f6 Bf8 44. Ne2 Bh6 45. Rf1 Kf7 46. Nf4 Bxf4 47. gxf4 Qa6 48. Nd4 Qc8 49. Kg2 Qb7 50. Kg3 Qa6 51. Ra1 Bc8 52. Qd2 Bd7 53. Qe2 Qa7 54. Qc2 Rb4 55. a6 Rb8 56. Qc3 Ra8 57. Qa5 Rc8 58. Qb6 Rc7 59. Qxc7 1-0

[Event "GRE-chT 42nd"]
[Site "Porto Rio"]
[Date "2014.07.02"]
[Round "6.4"]
[White "Kafetzis, Georgios"]
[Black "Pappas, Konstantinos"]
[Result "1-0"]
[WhiteElo "2006"]
[BlackElo "2017"]
[PlyCount "71"]
[EventDate "2014.06.28"]
[EventType "team-swiss"]
[EventRounds "7"]
[EventCountry "GRE"]
[SourceTitle "CBM 161 Extra"]
[Source "ChessBase"]
[SourceDate "2014.08.29"]
[SourceVersion "1"]
[SourceVersionDate "2014.08.29"]
[SourceQuality "1"]
[WhiteTeam "Kavalas OFS"]
[BlackTeam "Saint Nicholas Lato"]
[WhiteTeamCountry "GRE"]
[BlackTeamCountry "GRE"]

1. e4 d5 2. exd5 Qxd5 3. Nc3 Qd8 4. Bc4 Nf6 5. Nge2 g6 6. d4 Bg7 7. f3 c6 8. Bg5 Nbd7 9. Qd2 Nb6 10. Bb3 a5 11. a3 a4 12. Ba2 Nbd5 13. Nxd5 cxd5 14. Nf4 e6 15. Nd3 Qb6 16. c3 0-0 17. Bh6 Bd7 18. h4 Bb5 19. Ne5 Nd7 20. Bxg7 Kxg7 21. h5 Nxe5 22. dxe5 Rh8 23. Qf4 Qd8 24. h6+ Kf8 25. Qb4+ Kg8 26. Qxb5 Qg5 27. Qe2 Qg3+ 28. Kf1 Kf8 29. Qe3 f6 30. Qc5+ Ke8 31. Qb5+ Kd8 32. Qb6+ Kc8 33. Qxe6+ Kb8 34. Qxf6 Re8 35. Re1 Ra6 36. Qh4 1-0

[Event "GRE-chT 42nd"]
[Site "Porto Rio"]
[Date "2014.07.01"]
[Round "5.4"]
[White "Gimnopoulos, Lazaros"]
[Black "Pappas, Konstantinos"]
[Result "1/2-1/2"]
[WhiteElo "2052"]
[BlackElo "2017"]
[PlyCount "127"]
[EventDate "2014.06.28"]
[EventType "team-swiss"]
[EventRounds "7"]
[EventCountry "GRE"]
[SourceTitle "CBM 161 Extra"]
[Source "ChessBase"]
[SourceDate "2014.08.29"]
[SourceVersion "1"]
[SourceVersionDate "2014.08.29"]
[SourceQuality "1"]
[WhiteTeam "Florinas OP"]
[BlackTeam "Saint Nicholas Lato"]
[WhiteTeamCountry "GRE"]
[BlackTeamCountry "GRE"]

1. e4 e6 2. g3 b6 3. Bg2 Bb7 4. d3 d5 5. e5 Nd7 6. f4 Nh6 7. a4 a5 8. Nf3 Be7 9. 0-0 0-0 10. Nc3 c5 11. Qe2 Nb8 12. Nb5 Nc6 13. Bd2 Qd7 14. c3 Na7 15. Nxa7 Rxa7 16. c4 Rd8 17. Bc3 g6 18. b3 Nf5 19. Rad1 d4 20. Bd2 h5 21. Ne1 Kg7 22. Be4 Rh8 23. Ng2 Bc6 24. Qf3 Rc7 25. h3 h4 26. g4 Ng3 27. Bxc6 Qxc6 28. Qxc6 Rxc6 29. Rf3 f5 30. g5 Rcc8 31. Be1 Rcd8 32. Bxg3 hxg3 33. Rxg3 Rh5 34. h4 Kf7 35. Kf2 Rd7 36. Rh3 Rd8 37. Rdh1 Rd7 38. Ne1 Rd8 39. R3h2 Rd7 40. Kg3 Rd8 41. Nc2 Rd7 42. Ra1 Rd8 43. Ra2 Rd7 44. Na1 Rd8 45. Nc2 Rd7 46. Ne1 Rd8 47. Nf3 Rd7 48. Rh3 Rd8 49. Nh2 Rd7 50. Nf1 Rd8 51. Rah2 Rd7 52. Kf3 Rd8 53. Ng3 Rdh8 54. Rh1 Bf8 55. Nxh5 Rxh5 56. Ra1 Be7 57. Ke2 Ke8 58. Kd2 Kd7 59. Kc2 Kc6 60. Rah1 Kc7 61. R1h2 Kb7 62. Rh1 Ka8 63. R1h2 Ka7 64. Rh1 1/2-1/2

[Event "GRE-chT 42nd"]
[Site "Porto Rio"]
[Date "2014.06.29"]
[Round "2.4"]
[White "Athanasiou, Georgios"]
[Black "Pappas, Konstantinos"]
[Result "0-1"]
[WhiteElo "1926"]
[BlackElo "2017"]
[PlyCount "106"]
[EventDate "2014.06.28"]
[EventType "team-swiss"]
[EventRounds "7"]
[EventCountry "GRE"]
[SourceTitle "CBM 161 Extra"]
[Source "ChessBase"]
[SourceDate "2014.08.29"]
[SourceVersion "1"]
[SourceVersionDate "2014.08.29"]
[SourceQuality "1"]
[WhiteTeam "Ikarias Tzelepis"]
[BlackTeam "Saint Nicholas Lato"]
[WhiteTeamCountry "GRE"]
[BlackTeamCountry "GRE"]

1. Nf3 Nf6 2. g3 d5 3. Bg2 c6 4. 0-0 g6 5. d3 Bg7 6. c3 0-0 7. Nbd2 Nbd7 8. Qc2 e5 9. e4 Re8 10. Re1 dxe4 11. Nxe4 Nxe4 12. dxe4 Nc5 13. Be3 Qe7 14. b4 Ne6 15. Red1 a5 16. a3 c5 17. bxc5 Nxc5 18. Rd5 b6 19. Rb1 Be6 20. Bxc5 bxc5 21. Rdd1 a4 22. c4 Red8 23. Rxd8+ Qxd8 24. Rd1 Qe7 25. Nd2 Qb7 26. Rb1 Qd7 27. Nf1 Bh6 28. Rd1 Qc7 29. Rd3 Rd8 30. Bf3 Rd4 31. Rxd4 cxd4 32. Be2 Qc6 33. Bd3 Bf8 34. f4 exf4 35. gxf4 Bxa3 36. f5 Bd7 37. Qf2 Qf6 38. Ng3 Bc1 39. Qc2 Qg5 40. Kg2 h5 41. h4 Qd2+ 42. Qxd2 Bxd2 43. Bc2 Bc6 44. Kf2 a3 45. Bb3 Ba4 46. Ba2 d3 47. Nf1 Bf4 48. fxg6 d2 49. gxf7+ Kxf7 50. Nxd2 Bxd2 51. Ke2 Bb4 52. Kd3 Bc5 53. Kc3 Ke6 0-1

[Event "Heraklio SOI op 10th"]
[Site "Heraklion"]
[Date "2014.01.07"]
[Round "7"]
[White "Pappas, Konstantinos"]
[Black "Sandalakis, Angelos"]
[Result "0-1"]
[WhiteElo "2010"]
[BlackElo "2396"]
[PlyCount "108"]
[EventDate "2014.01.09"]
[EventType "swiss"]
[EventRounds "7"]
[EventCountry "GRE"]
[SourceTitle "EXT 2024"]
[Source "ChessBase"]
[SourceDate "2023.10.10"]
[SourceVersion "1"]
[SourceVersionDate "2023.10.10"]
[SourceQuality "1"]

1. d4 Nf6 2. Bg5 e6 3. Nf3 c5 4. c3 h6 5. Bh4 b6 6. e3 Be7 7. Nbd2 cxd4 8. exd4 Bb7 9. Bd3 0-0 10. Qe2 Nd5 11. Bxe7 Qxe7 12. g3 f5 13. 0-0 Nc6 14. Ba6 Bxa6 15. Qxa6 f4 16. Rae1 b5 17. Qxb5 Rab8 18. Qd3 Rxb2 19. Nc4 Rxa2 20. Nce5 Nxe5 21. Nxe5 Rc8 22. c4 Ra3 23. Qe4 Nb6 24. Rc1 Ra4 25. Qb7 Qd8 26. c5 Rc7 27. Qe4 Nd5 28. Rfe1 fxg3 29. fxg3 Nf6 30. Qh4 d6 31. Ng4 dxc5 32. Nxf6+ Qxf6 33. Qxf6 gxf6 34. Rxe6 Rxd4 35. Rxf6 Kg7 36. Ra6 c4 37. Ra4 Kf6 38. Kf2 Ke5 39. Ra5+ Kd6 40. Ra6+ Kc5 41. Rxh6 Kb4 42. Re6 c3 43. Ke3 Rd2 44. h4 Kb3 45. Kf4 Kb2 46. Ree1 c2 47. h5 Rc4+ 48. Ke3 Rh2 49. Rh1 Rxh1 50. Rxh1 c1Q+ 51. Rxc1 Kxc1 52. Kf3 a5 53. g4 a4 54. h6 a3 0-1

[Event "Heraklio SOI op 10th"]
[Site "Heraklion"]
[Date "2014.01.06"]
[Round "6"]
[White "Lyrakis, Stavros"]
[Black "Pappas, Konstantinos"]
[Result "0-1"]
[WhiteElo "1892"]
[BlackElo "2010"]
[PlyCount "93"]
[EventDate "2014.01.09"]
[EventType "swiss"]
[EventRounds "7"]
[EventCountry "GRE"]
[SourceTitle "EXT 2024"]
[Source "ChessBase"]
[SourceDate "2023.10.10"]
[SourceVersion "1"]
[SourceVersionDate "2023.10.10"]
[SourceQuality "1"]

1. e4 e5 2. Nf3 Nc6 3. d4 exd4 4. Bc4 Bc5 5. 0-0 d6 6. c3 Nf6 7. cxd4 Bb6 8. Qd3 Bg4 9. Nbd2 0-0 10. a3 d5 11. exd5 Nxd5 12. Ne5 Be6 13. Nxc6 bxc6 14. Nf3 f6 15. Re1 Qd7 16. Bd2 a5 17. Rac1 Bf5 18. Qc3 Kh8 19. Bxd5 cxd5 20. Re3 Rfe8 21. Rce1 Re4 22. Rxe4 dxe4 23. Nh4 Bxd4 24. Qg3 Bxb2 25. Nxf5 Qxf5 26. Qxc7 Bd4 27. Qf4 Qxf4 28. Bxf4 f5 29. h3 a4 30. Rd1 Rd8 31. Kf1 Bf6 32. Rxd8+ Bxd8 33. Ke2 Be7 34. Bc1 Bc5 35. f3 g6 36. fxe4 fxe4 37. Kd2 Bd4 38. Kc2 Kg8 39. Bd2 Kf7 40. Bb4 Ke6 41. Bd2 Kd5 42. Bg5 Kc4 43. Bf4 Bc5 44. Bc1 e3 45. Bb2 Bd4 46. Bc1 e2 47. Kd2 0-1

[Event "Heraklio SOI op 10th"]
[Site "Heraklion"]
[Date "2014.01.02"]
[Round "1"]
[White "Pappas, Konstantinos"]
[Black "Halkias, Ioannis"]
[Result "1-0"]
[WhiteElo "2010"]
[BlackElo "1245"]
[PlyCount "49"]
[EventDate "2014.01.09"]
[EventType "swiss"]
[EventRounds "7"]
[EventCountry "GRE"]
[SourceTitle "EXT 2024"]
[Source "ChessBase"]
[SourceDate "2023.10.10"]
[SourceVersion "1"]
[SourceVersionDate "2023.10.10"]
[SourceQuality "1"]

1. Nf3 d5 2. d4 Nf6 3. c4 c6 4. Nc3 e6 5. e3 Bd6 6. Qc2 Nbd7 7. Bd3 0-0 8. Bd2 Re8 9. 0-0-0 Qc7 10. Kb1 a6 11. c5 Bf8 12. e4 dxe4 13. Nxe4 Nxe4 14. Bxe4 Nf6 15. Bd3 g6 16. Ne5 Bg7 17. f4 Nd7 18. h4 Nxe5 19. fxe5 f6 20. h5 fxe5 21. hxg6 exd4 22. Rxh7 b5 23. Rdh1 e5 24. Bh6 Re7 25. Bxg7 1-0

[Event "Iraklio SOI op-A 9th"]
[Site "Iraklio"]
[Date "2013.09.04"]
[Round "2"]
[White "Anagnostakis, Charalampos"]
[Black "Pappas, Konstantinos"]
[Result "0-1"]
[WhiteElo "1526"]
[BlackElo "2030"]
[PlyCount "68"]
[EventDate "2013.09.03"]
[EventType "swiss"]
[EventRounds "7"]
[EventCountry "GRE"]
[SourceTitle "EXT 2024"]
[Source "ChessBase"]
[SourceDate "2023.10.10"]
[SourceVersion "1"]
[SourceVersionDate "2023.10.10"]
[SourceQuality "1"]

1. c4 e5 2. Nc3 Nf6 3. Nf3 d6 4. d3 Be7 5. g3 c6 6. Bg2 0-0 7. 0-0 h6 8. Rb1 a5 9. a3 Nbd7 10. b4 axb4 11. axb4 d5 12. cxd5 cxd5 13. Qb3 d4 14. Nd5 Nxd5 15. Qxd5 Bf6 16. e3 Nb6 17. Qxd8 Rxd8 18. Bb2 Bf5 19. Rfd1 dxe3 20. Nxe5 exf2+ 21. Kxf2 Ra2 22. Ke3 Bxe5 23. Bxe5 Rxg2 24. Bc7 Rxd3+ 25. Rxd3 Bxd3 26. Kxd3 Nd5 27. Bb8 Rxh2 28. Kc4 Rd2 29. Kc5 f5 30. Re1 Nf6 31. Bf4 Rd7 32. Re6 Kf7 33. Rb6 g5 34. Bb8 h5 0-1

[Event "Iraklio SOI op-A 9th"]
[Site "Iraklio"]
[Date "2013.09.03"]
[Round "1"]
[White "Pappas, Konstantinos"]
[Black "Spyridakis, Michail"]
[Result "1-0"]
[WhiteElo "2030"]
[BlackElo "1300"]
[PlyCount "25"]
[EventDate "2013.09.03"]
[EventType "swiss"]
[EventRounds "7"]
[EventCountry "GRE"]
[SourceTitle "EXT 2024"]
[Source "ChessBase"]
[SourceDate "2023.10.10"]
[SourceVersion "1"]
[SourceVersionDate "2023.10.10"]
[SourceQuality "1"]

1. e4 e5 2. Nf3 Nc6 3. Bb5 d6 4. c3 Bd7 5. d4 exd4 6. cxd4 a6 7. Ba4 b5 8. Bb3 Be7 9. Nc3 Nf6 10. e5 dxe5 11. dxe5 Ng8 12. Qd5 Nb4 13. Qxf7# 1-0

[Event "Gazi op 8th"]
[Site "Gazi"]
[Date "2012.08.09"]
[Round "7"]
[White "Tsilidis, Alexandros"]
[Black "Pappas, Konstantinos"]
[Result "1-0"]
[WhiteElo "2247"]
[BlackElo "2047"]
[PlyCount "99"]
[EventDate "2012.08.04"]
[EventType "swiss"]
[EventRounds "9"]
[EventCountry "GRE"]
[SourceTitle "EXT 2024"]
[Source "ChessBase"]
[SourceDate "2023.10.10"]
[SourceVersion "1"]
[SourceVersionDate "2023.10.10"]
[SourceQuality "1"]

1. d4 d5 2. Nf3 Nf6 3. c4 c6 4. Qc2 g6 5. e3 Bf5 6. Bd3 Bxd3 7. Qxd3 Bg7 8. Nc3 0-0 9. 0-0 Nbd7 10. e4 dxe4 11. Nxe4 Nxe4 12. Qxe4 e6 13. Bg5 Bf6 14. h4 Re8 15. Rfe1 Qc7 16. Bf4 Qa5 17. c5 Bg7 18. b4 Qa4 19. Bd6 Nf6 20. Qd3 Nd5 21. Reb1 a6 22. h5 Qb5 23. Qd2 Qc4 24. Rb3 Nf6 25. h6 Bh8 26. Re1 Rad8 27. Ne5 Qd5 28. Qf4 Rxd6 29. cxd6 Rf8 30. g4 Qb5 31. Qf3 Nd5 32. g5 Nb6 33. d7 Qd5 34. Qxd5 Nxd5 35. Nxf7 Kxf7 36. Rf3+ Bf6 37. a4 Rd8 38. Rb1 Rxd7 39. b5 cxb5 40. axb5 a5 41. Rc1 Ke7 42. gxf6+ Nxf6 43. b6 Nd5 44. Rc8 Nxb6 45. Rg8 Rxd4 46. Rg7+ Kd6 47. Rxh7 Rh4 48. Rxb7 Nd5 49. h7 Nc7 50. Rf7 1-0

[Event "Gazi op 8th"]
[Site "Gazi"]
[Date "2012.08.05"]
[Round "2"]
[White "Pappas, Konstantinos"]
[Black "Petrov, Marian"]
[Result "0-1"]
[WhiteElo "2047"]
[BlackElo "2514"]
[PlyCount "104"]
[EventDate "2012.08.04"]
[EventType "swiss"]
[EventRounds "9"]
[EventCountry "GRE"]
[SourceTitle "EXT 2024"]
[Source "ChessBase"]
[SourceDate "2023.10.10"]
[SourceVersion "1"]
[SourceVersionDate "2023.10.10"]
[SourceQuality "1"]

1. Nf3 g6 2. d4 Bg7 3. c3 Nf6 4. g3 0-0 5. Bg2 d6 6. 0-0 Nbd7 7. Nbd2 e5 8. dxe5 dxe5 9. Nc4 e4 10. Nd4 Nb6 11. Nxb6 axb6 12. Bf4 Qe7 13. Qb3 Rd8 14. Rfd1 Qc5 15. Qb4 g5 16. Qxc5 bxc5 17. Bxc7 Rd7 18. Nb5 Rxa2 19. Rab1 Rxb2 20. c4 Rxb5 21. cxb5 Rxc7 22. Rd8+ Bf8 23. b6 Rc6 24. f3 Bf5 25. g4 Bg6 26. Rb8 Nd5 27. fxe4 Rxb6 28. Rxb6 Nxb6 29. Rxb7 Nc4 30. Kf2 Ne5 31. h3 c4 32. Rb8 Kg7 33. Rc8 Ba3 34. Ke1 Bc1 35. Kd1 Be3 36. Bf3 f6 37. Rc7+ Bf7 38. Kc2 Bd4 39. Rb7 c3 40. e3 Bxe3 41. Be2 Bd2 42. Bb5 Kg6 43. Rc7 h5 44. Be2 hxg4 45. hxg4 Be6 46. Re7 Nc6 47. Rxe6 Nd4+ 48. Kd3 Nxe6 49. Bd1 Nf4+ 50. Kd4 Ng2 51. e5 fxe5+ 52. Kxe5 Ne3 0-1

[Event "Anogia op 1st"]
[Site "Anogia"]
[Date "2012.08.01"]
[Round "4"]
[White "Pappas, Konstantinos"]
[Black "Azis Azizis, Ektoras"]
[Result "0-1"]
[WhiteElo "2047"]
[BlackElo "2303"]
[PlyCount "74"]
[EventDate "2012.07.30"]
[EventType "swiss"]
[EventRounds "7"]
[EventCountry "GRE"]
[SourceTitle "EXT 2013"]
[Source "ChessBase"]
[SourceDate "2012.11.22"]
[SourceVersion "1"]
[SourceVersionDate "2012.11.22"]
[SourceQuality "1"]

1. Nf3 Nf6 2. c4 g6 3. Nc3 Bg7 4. g3 0-0 5. Bg2 d5 6. cxd5 Nxd5 7. d4 c5 8. Qb3 Nxc3 9. bxc3 Nc6 10. Be3 cxd4 11. cxd4 Nxd4 12. Nxd4 Bxd4 13. Bxd4 Qxd4 14. Rd1 Qe5 15. 0-0 Rb8 16. Qa3 a6 17. f4 Qf6 18. e4 b5 19. e5 Qb6+ 20. Kh1 b4 21. Qb2 Bg4 22. Rd2 Rfd8 23. h3 Rxd2 24. Qxd2 Rd8 25. Qb2 Be6 26. g4 Bd5 27. f5 Qe3 28. Bxd5 Qxh3+ 29. Kg1 Rxd5 30. Qxb4 Qg3+ 31. Kh1 Rxe5 32. fxg6 hxg6 33. Qc4 Qh3+ 34. Kg1 Qe3+ 35. Rf2 Qg3+ 36. Kf1 Qh3+ 37. Rg2 Qh1+ 0-1